[Event "45th Olympiad 2024"]
[Site "Budapest HUN"]
[Date "2024.09.20"]
[Round "9.68"]
[Board "4"]
[White "Nean, Franck Anderson"]
[Black "Samuel Merhawi Gebrehiwet"]
[Result "1-0"]
[WhiteElo "1917"]
[BlackElo "1788"]
[PlyCount "121"]
[EventDate "2024.09.11"]
[WhiteTeam "Cote d’Ivoire"]
[BlackTeam "Eritrea"]
[BlackTeamCountry "ERI"]

1. d4 Nf6 2. c4 g6 3. Nc3 Bg7 4. e4 d6 5. Be2 Nbd7 6. Be3 e5 ({RR} 6... c5 7. d5 Qa5 8. Bd2 a6 9. g4 h6 10. h4 Ne5 11. f3 Rb8 12. a3 Qc7 13. Nh3 Bd7 14. a4 Bc8 15. Nf2 Ned7 16. f4 e6 17. Rc1 exd5 18. cxd5 c4 19. Bxc4 Qxc4 20. Nb5 axb5 21. Rxc4 {0-1 Nean,F (1917)-Teerapabpaisit,W (2070) 45th Olympiad 2024 (5.60)}) 7. d5 a5 8. g4 ({RR} 8. h4 Nc5 9. Qc2 Ng4 10. Bd2 f5 11. Bxg4 fxg4 12. h5 Bd7 13. Nge2 Qf6 14. Be3 b6 15. O-O-O h6 16. Ng3 g5 17. Rdf1 O-O 18. f3 Qe7 19. Nf5 Bxf5 20. exf5 gxf3 21. Bxc5 fxg2 22. Qxg2 bxc5 {0-1 Ivic,V (2560)-Caruana,F (2766) Titled Tue 22nd Nov Late 2022 (7)}) ({RR} 8. Nf3 Nc5 9. Nd2 Bd7 10. O-O O-O 11. b3 Qc8 12. a3 Ng4 13. Bxg4 Bxg4 14. f3 Bd7 15. b4 axb4 16. axb4 Nd3 17. Qb3 Nf4 18. c5 Bh6 19. Nc4 Kg7 20. cxd6 b5 21. Bxf4 Bxf4 22. Na3 cxd6 {1-0 Gonzalez Lopez,L (1957)-Navas Rubio,R (1622) 8th Sueca Open 2024 (5.11)}) 8... h6 9. h4 $146 ({RR} 9. Qd2 Nc5 10. f3 b6 11. Bd1 Bd7 12. Nge2 h5 13. g5 Nh7 14. h4 Qe7 15. Bc2 f6 16. O-O-O fxg5 17. hxg5 Rf8 18. f4 O-O-O 19. f5 gxf5 20. Rxh5 f4 21. Bxc5 Nxg5 22. Bf2 Bg4 23. Rhh1 Bf3 {1-0 Tomic,A (2316)-Tomic,G (2179) Djenovici TS02 IM 3rd 2019 (3)}) 9... h5 10. g5 Ng8 11. Nh3 b6 12. a3 Ne7 13. b4 f5 14. gxf6 Nxf6 15. Ng5 Ng4 16. Bd2 O-O 17. f3 Nh6 18. Rg1 Bd7 19. Be3 Nf7 20. Ne6 Bxe6 21. dxe6 Nh6 22. bxa5 Rxa5 23. Bg5 Kh7 24. Nd5 Nhg8 25. Qd2 Nf6 26. Ra2 c6 27. Nb4 Qc7 28. Bf1 Rd8 29. Qg2 Qc8 30. Be3 Qc7 31. Qf2 Rb8 32. a4 d5 33. cxd5 cxd5 34. Na6 Qc3+ 35. Bd2 Qb3 36. Ra1 Rc8 37. Bb5 d4 38. Rc1 Rc2 39. Rxc2 Rxb5 40. axb5 Qxc2 41. Nb4 Qb3 42. Kf1 Qxe6 43. Kg2 Qc4 44. Qf1 Qe6 45. Qd3 Bh6 46. Bxh6 Kxh6 47. Rc1 Nd7 48. Qc4 Qf6 49. Rh1 Qf4 50. Qc1 Qxc1 51. Rxc1 Nc5 52. Nc6 Nd3 53. Rd1 Nb2 54. Rb1 Nc4 55. Nxe7 d3 56. Kf2 g5 57. Nf5+ Kg6 58. Rg1 Nb2 59. Rxg5+ Kf6 60. Ne3 d2 61. Ke2 1-0

[Event "45th Olympiad 2024"]
[Site "Budapest HUN"]
[Date "2024.09.20"]
[Round "9.69"]
[Board "1"]
[White "Mahamat Hachim Bachar"]
[Black "Gurner, Jem"]
[Result "0-1"]
[WhiteElo "1872"]
[BlackElo "2091"]
[PlyCount "110"]
[EventDate "2024.09.11"]
[WhiteTeam "Chad"]
[BlackTeam "Jersey"]
[WhiteTeamCountry "CHD"]

1. e4 c5 2. Nc3 d6 3. g3 Nc6 4. Nge2 h5 ({RR} 4... g6 5. d4 cxd4 6. Nxd4 Bg7 7. Be3 Nf6 8. h3 O-O 9. Bg2 Nxd4 10. Bxd4 Be6 11. O-O a6 12. a4 Rc8 13. a5 Rc4 14. Be3 Qc8 15. Kh2 Nd7 16. Nd5 Bxd5 17. Qxd5 Bxb2 18. Rab1 Rxc2 19. Qb3 {1-0 Andreikin,D (2725)-Gupta,A (2612) Titled Tuesday intern op 26th Jan blitz 2021 (8)}) 5. h4 $146 ({RR} 5. h3 e5 6. Bg2 Be6 7. d3 g6 8. Nd5 Bg7 9. c3 Qd7 10. a3 O-O-O 11. b4 f5 12. Qa4 Nf6 13. Rb1 fxe4 14. dxe4 Qf7 15. b5 Nb8 16. c4 Rdf8 17. O-O b6 18. Bg5 Qd7 19. Bxf6 Bxf6 {½-½ Larsen,O (2226)-Vinter Schou,U (2380) DEN-chT 0607 2006 (5.4)}) ({RR} 5. h3 g6 6. Bg2 Bg7 7. d3 Rb8 8. a4 a6 9. Be3 e5 10. O-O b5 11. axb5 axb5 12. f4 exf4 13. gxf4 b4 14. Nd5 Bxb2 15. f5 Nge7 16. Nef4 gxf5 17. Nxh5 Nxd5 18. exd5 Ne5 19. Ra7 Rg8 {0-1 Danielyan,V (2307)-Tatarinov,D (2310) Titled Tue 7th Feb Late 2023 (6)}) ({RR} 5. h3 e5 6. Bg2 h4 7. g4 g6 8. d3 Bh6 9. f4 f5 10. g5 Bg7 11. Be3 Nge7 12. Qd2 Qa5 13. exf5 Nxf5 14. fxe5 Nxe3 15. Qxe3 Bxe5 16. Bxc6+ bxc6 17. Qe4 Bd7 18. Qxg6+ Kd8 19. O-O-O Rb8 {1-0 Steffens,O (2315)-Roehl,R (2195) Strelasund op 1998}) ({RR} 5. d4 Bg4 6. dxc5 dxc5 7. Qxd8+ Rxd8 8. Bg2 Nb4 9. O-O Nxc2 10. Rb1 e5 11. h3 Be6 12. f4 Bd6 13. fxe5 Bxe5 14. Bf4 Bxf4 15. Nxf4 Ne3 16. Nxe6 fxe6 17. Rf3 h4 18. g4 Ne7 19. e5 Nxg2 {0-1 Tautiva,C (2027)-Panesso Rivera,H (2354) Medellin Flores op 23rd 2016 (1)}) 5... g6 6. d4 cxd4 7. Nxd4 Bg7 8. Be3 Nf6 9. Be2 Ng4 10. Bxg4 Bxg4 11. f3 Bxd4 12. Bxd4 Bxf3 13. Qxf3 Nxd4 14. Qd3 Nc6 15. O-O-O Qa5 16. Kb1 Rc8 17. a3 Ne5 18. Qd5 Qxd5 19. Nxd5 e6 20. Nf4 Ke7 21. Rd4 Rc4 22. Rhd1 Rhc8 23. c3 R8c6 24. Kc2 Ng4 25. Kb3 b5 26. R1d2 Nf6 27. Re2 Nd7 28. Nd5+ Kf8 29. Nb4 Rxd4 30. Nxc6 Ra4 31. e5 dxe5 32. Nxe5 Nc5+ 33. Ka2 Re4 34. Rxe4 Nxe4 35. g4 g5 36. hxg5 h4 37. Nf3 h3 38. Nh2 Kg7 39. Kb3 Kg6 40. Kb4 Kxg5 41. a4 Kf4 42. axb5 Kg3 43. c4 Kxh2 44. c5 Nxc5 45. Kxc5 Kg3 46. Kc6 h2 47. Kb7 h1=Q+ 48. Kxa7 Qa1+ 49. Kb7 Qxb2 50. b6 e5 51. Kc7 e4 52. b7 e3 53. b8=Q Qxb8+ 54. Kxb8 e2 55. g5 e1=Q 0-1

[Event "45th Olympiad 2024"]
[Site "Budapest HUN"]
[Date "2024.09.20"]
[Round "9.69"]
[Board "2"]
[White "Belzo, Krzysztof"]
[Black "Abdelaziz Bokhit, Badjoiri"]
[Result "1-0"]
[WhiteElo "2076"]
[BlackElo "1778"]
[PlyCount "65"]
[EventDate "2024.09.11"]
[WhiteTeam "Jersey"]
[BlackTeam "Chad"]
[BlackTeamCountry "CHD"]

1. d4 d5 2. c4 c6 3. Nf3 Bg4 4. Nc3 Bxf3 ({RR} 4... e6 5. Ne5 Bh5 6. cxd5 exd5 7. h4 f6 8. Nd3 Bd6 9. Nf4 Bf7 10. g3 Na6 11. Bh3 Nc7 12. e4 Ne7 13. O-O O-O 14. Re1 dxe4 15. Nxe4 Ned5 16. Nxd6 Qxd6 17. Qg4 Rfe8 18. Bd2 Rad8 19. h5 {1-0 Renaze,L (2245)-Stoinev,M (2355) Chartres op 1990 (6)}) 5. exf3 ({RR} 5. gxf3 e6 6. a4 g6 7. e4 Ne7 8. Bg5 Qa5 9. Bf6 Rg8 10. Rc1 Nd7 11. Bg5 dxe4 12. Bd2 exf3 13. b4 Qh5 14. Ne4 Nf5 15. Bf4 Bxb4+ 16. Nc3 O-O-O 17. Qb3 a5 18. Be3 Nxe3 19. fxe3 Qh4+ {0-1 Mesquita,E (1969)-Floresvillar Gonzalez,L (2021) Titled Tue 18th Jun Late 2024 (11)}) 5... Nf6 6. Qb3 $146 ({RR} 6. Be2 e6 7. O-O b6 8. Be3 Bd6 9. a3 Qc7 10. g3 Nbd7 11. b4 O-O 12. c5 bxc5 13. bxc5 Be7 14. Bf4 Qc8 15. Rb1 Nh5 {½-½ Menz,T-Reker,Y (818) NRW Holiday U16 2003 (2)}) ({RR} 6. cxd5 Nxd5 7. Bc4 e6 8. O-O g6 9. Bxd5 cxd5 10. Bf4 Bg7 11. Nb5 Na6 12. Nd6+ Kf8 13. Nxb7 Qb6 14. Nd6 {½-½ Qaddara,A (2033)-El Jouzou,H Arab-ch U20 Beirut 2000 (6)}) ({RR} 6. Be2 e6 7. O-O Bd6 8. c5 Bc7 9. Bg5 h6 10. Bh4 Nbd7 11. Bg3 Bxg3 12. fxg3 O-O 13. Qc2 Re8 14. Rae1 e5 15. Kh1 exd4 16. Nd1 b6 17. cxb6 Qxb6 18. Nf2 Re6 19. Bd3 Rae8 20. Rxe6 Rxe6 {1-0 Cavalcante,P (1619)-Vargas Quispe,M Corumba Vargas Memorial 2021 (2)}) 6... Qb6 7. Qxb6 axb6 8. cxd5 b5 9. dxc6 bxc6 10. Be3 e6 11. Be2 Bb4 12. O-O O-O 13. Rfc1 Nbd7 14. Ne4 Rfc8 15. Rc2 Nb6 16. a3 Nc4 17. Bxc4 bxc4 18. Nxf6+ gxf6 19. Rxc4 Bf8 20. Rac1 Ra6 21. R1c3 Rb6 22. b4 Ra6 23. Bc1 Rb6 24. g3 f5 25. Be3 Ra6 26. Kf1 Rca8 27. Bc1 Rd8 28. Rxc6 Rxc6 29. Rxc6 Rxd4 30. Rc8 Kg7 31. Bb2 e5 32. Bxd4 exd4 33. Rxf8 1-0

[Event "45th Olympiad 2024"]
[Site "Budapest HUN"]
[Date "2024.09.20"]
[Round "9.69"]
[Board "3"]
[White "Adam, Jamal"]
[Black "Mooney, Graham"]
[Result "1/2-1/2"]
[WhiteElo "2013"]
[BlackElo "1935"]
[PlyCount "43"]
[EventDate "2024.09.11"]
[WhiteTeam "Chad"]
[BlackTeam "Jersey"]
[WhiteTeamCountry "CHD"]

1. e4 c5 2. Nf3 d6 3. d4 cxd4 4. Nxd4 Nf6 5. Nc3 a6 6. Bg5 e6 7. Qf3 Nbd7 8. Be2 Be7 ({RR} 8... Qc7 9. O-O Be7 10. a4 b6 11. Qg3 Bb7 12. Be3 O-O 13. Bh6 Ne8 14. Bg5 Bxg5 15. Qxg5 Nef6 16. Qe3 Nc5 17. Bf3 Rac8 18. Rfd1 Rfd8 19. Nde2 Ncd7 20. g3 Ne5 21. Bg2 Nfg4 22. Qd4 Nc6 23. Qd2 {1-0 Kosteniuk,A (2483)-Hou,Y (2664) World Summit (Woman) rapid 2019 (3)}) ({RR} 8... Qc7 9. O-O-O b5 10. a3 Bb7 11. Rhe1 Be7 12. Qg3 Rc8 13. Bxf6 Nxf6 14. f4 O-O 15. Bf3 Nd7 16. Kb1 Nb6 17. f5 e5 18. Nb3 Nc4 19. Rd3 Qb6 20. Re2 b4 21. axb4 Qxb4 22. Qe1 Rb8 23. Na2 {0-1 Rydstrom,T (2254)-Martic,I (2300) RADNICKICHESS IM2 Mar 2024 (6.5)}) 9. O-O h6 10. Be3 Qc7 11. Rad1 $146 ({RR} 11. Qg3 g5 12. Qh3 Rh7 13. a4 Ne5 14. f4 gxf4 15. Bxf4 Bd7 16. Kh1 O-O-O 17. Ndb5 Qb8 18. Na3 Rg8 19. Be3 Bc6 20. Nc4 Nxc4 21. Bxc4 Ng4 22. Bb6 Bd7 23. Be2 Ne5 24. Nb5 axb5 25. Qc3+ Nc6 {0-1 Tomorhuyag,N-Stratil,L Dreszer Memorial 1986 (11)}) 11... b5 12. a3 Bb7 13. Bd3 Rc8 14. Qg3 g5 15. Rfe1 Ne5 16. Bxb5+ axb5 17. Ndxb5 Qb8 18. Ba7 Qa8 19. Bb6 Qb8 20. Ba7 Qa8 21. Bb6 Qb8 22. Ba7 1/2-1/2

[Event "45th Olympiad 2024"]
[Site "Budapest HUN"]
[Date "2024.09.20"]
[Round "9.69"]
[Board "4"]
[White "Forbes, Garry"]
[Black "Hassaballa Ahmed Hassaballa"]
[Result "0-1"]
[WhiteElo "1858"]
[BlackElo "1902"]
[PlyCount "42"]
[EventDate "2024.09.11"]
[WhiteTeam "Jersey"]
[BlackTeam "Chad"]
[BlackTeamCountry "CHD"]

1. c4 Nf6 2. g3 e5 3. Bg2 Nc6 4. Nc3 Bb4 5. Nd5 O-O 6. a3 Bc5 7. e3 a5 8. Ne2 Nxd5 ({RR} 8... d6 9. d4 Ba7 10. h3 exd4 11. exd4 Nxd5 12. Bxd5 Qf6 13. Be3 Re8 14. Bxc6 bxc6 15. Qd2 Ba6 16. Qc3 d5 17. b3 c5 18. O-O-O cxd4 19. Nxd4 c5 {0-1 Lange,F (1813)-Reuter,E (1985) 6th Bamberg Open 2024 (7.46)}) 9. cxd5 Ne7 10. O-O d6 11. b3 $146 ({RR} 11. d4 exd4 12. Nxd4 Nf5 13. Ne2 Qf6 14. Nc3 Ba7 15. Bd2 Bd7 16. Qc2 Rac8 17. Ne4 Qg6 18. Rac1 c6 19. Qa4 Ra8 20. Qb3 Rfb8 21. Nc3 Nh4 22. Be4 Bf5 23. Bxf5 Nf3+ 24. Kg2 Qxf5 25. Qd1 Ng5 {1-0 Spraggett,G (2385)-Berson,J (2021) Newfoundland-ch 2013 (4)}) ({RR} 11. d4 Bb6 12. b3 Bg4 13. dxe5 dxe5 14. Bb2 Qd6 15. h3 Bxe2 16. Qxe2 f5 17. Rad1 Bc5 18. Qc4 b6 19. Bxe5 Qxe5 20. d6+ Kh8 21. dxe7 Qxe7 22. Bxa8 Rxa8 23. a4 Rf8 24. Kg2 h6 25. Rd5 Bd6 {0-1 Wagner,S (2156)-Wadsack,W (2158) Niederoesterreich Landesliga 1617 2016 (2.2)}) 11... f5 12. d4 Bb6 13. dxe5 dxe5 14. Bb2 Qd6 15. Qd2 Bd7 16. Qc3 Ng6 17. Rac1 Rf7 18. f4 Re8 19. Rce1 Bb5 20. Kh1 exf4 21. exf4 Bxe2 0-1

[Event "45th Olympiad 2024"]
[Site "Budapest HUN"]
[Date "2024.09.20"]
[Round "9.70"]
[Board "1"]
[White "Gabriel, Davidson"]
[Black "Muhammed, Shuaau"]
[Result "1/2-1/2"]
[WhiteElo "2043"]
[BlackElo "2052"]
[PlyCount "130"]
[EventDate "2024.09.11"]
[WhiteTeam "Haiti"]
[BlackTeam "Maldives"]
[WhiteTeamCountry "HAI"]
[BlackTeamCountry "MDV"]

1. e4 e5 2. Nf3 Nc6 3. Bc4 Nf6 4. d3 Be7 5. O-O O-O 6. Nc3 d6 7. h3 Na5 8. Bb5 a6 9. Ba4 b5 10. Bb3 Nxb3 ({RR} 10... c5 11. Bd5 Rb8 12. a3 b4 13. axb4 cxb4 14. Ne2 Nxd5 15. exd5 Rb5 16. Bd2 Bb7 17. c4 bxc3 18. Nxc3 Rxb2 19. Qc1 Rb4 20. Qa3 Qb6 21. Qxa5 Qxa5 22. Rxa5 Rb2 23. Na4 Ra2 24. Rb1 Bd8 25. Nb6 {1-0 Guo,E (2159)-Srbis,J (2409) Titled Tue 30th Jul Early 2024 (6)}) 11. axb3 Bb7 12. Qe2 c5 $146 13. Bd2 Nd7 14. Nh2 b4 15. Nd1 f5 16. exf5 Rxf5 17. Qg4 Rf6 18. Qh5 Rg6 19. Ng4 Nf6 20. Nxf6+ gxf6 21. f3 Qe8 22. Kh1 Qf7 23. Ne3 Kh8 24. Nf5 Qe6 25. Nh4 Rgg8 26. Nf5 Raf8 27. g4 d5 28. Rae1 Bd8 29. Kh2 Bc7 30. f4 Qd7 31. fxe5 fxe5 32. Nh6 e4+ 33. Kg2 Qd6 34. Nxg8 Rxg8 35. Rf7 Qh2+ 36. Kf1 Rg7 37. Rf8+ Rg8 38. Rxg8+ Kxg8 39. Qe8+ Kg7 40. Qe7+ Kg8 41. Qe6+ Kh8 42. Bh6 Qxh3+ 43. Ke2 Qf3+ 44. Kd2 Bf4+ 45. Bxf4 Qxf4+ 46. Kd1 Kg7 47. Qe7+ Qf7 48. Qxf7+ Kxf7 49. dxe4 dxe4 50. Rf1+ Kg6 51. Kd2 Bc8 52. Rf4 Kg5 53. Rxe4 Bxg4 54. Re5+ Kf4 55. Rxc5 h5 56. Ke1 Kg3 57. Rg5 h4 58. Kf1 h3 59. Kg1 h2+ 60. Kh1 Kh3 61. Rxg4 Kxg4 62. Kxh2 Kf3 63. c4 bxc3 64. bxc3 Ke3 65. Kg2 a5 1/2-1/2

[Event "45th Olympiad 2024"]
[Site "Budapest HUN"]
[Date "2024.09.20"]
[Round "9.70"]
[Board "2"]
[White "Mohamed, Hassan MDV"]
[Black "Victor, Wyclef"]
[Result "1-0"]
[WhiteElo "1880"]
[BlackElo "1924"]
[PlyCount "129"]
[EventDate "2024.09.11"]
[WhiteTeam "Maldives"]
[BlackTeam "Haiti"]
[WhiteTeamCountry "MDV"]
[BlackTeamCountry "HAI"]

1. e4 e5 2. Nf3 Nc6 3. Bc4 Be7 4. d3 Nf6 5. Bb3 d6 6. c3 Bg4 7. h3 ({RR} 7. Nbd2 Nd7 8. h3 Bh5 9. Nf1 Nc5 10. Bc2 Ne6 11. Ng3 Bxf3 12. Qxf3 Bg5 13. Bxg5 Qxg5 14. h4 Qh6 15. Nf5 Qf6 16. Qg4 Qg6 17. Ne3 Qxg4 18. Nxg4 Ne7 19. h5 O-O-O 20. O-O-O c5 21. Bb3 h6 {1-0 Lobron,E (2555)-Torre,E (2565) New York op 1989 (6)}) 7... Bh5 8. Nbd2 Bg6 $146 ({RR} 8... Qd7 9. Nf1 h6 10. Ng3 Bg6 11. Nh4 O-O-O 12. Nxg6 fxg6 13. Bf7 g5 14. Qb3 Kb8 15. Qe6 Qxe6 16. Bxe6 Nd7 17. b4 Bf6 18. Be3 Nf8 19. Bc4 Ne7 20. O-O-O Nfg6 21. Nf1 Rhf8 22. g3 Nc8 23. Kc2 {1-0 Skjoldager,P (2126)-Pedersen,L (1916) Politiken Cup 33rd 2011 (3)}) ({RR} 8... h6 9. O-O g5 10. Re1 g4 11. hxg4 Bxg4 12. Qc2 Qd7 13. d4 Rg8 14. d5 Bxf3 15. Nxf3 Qg4 16. g3 Qxf3 17. dxc6 bxc6 18. Qe2 Qg4 19. Qc4 Kd8 20. Qxc6 Rb8 21. Kg2 Nh5 22. Bd1 Nf4+ 23. Bxf4 {0-1 De Souza,F (1276)-Machado,L (1737) 10th Floripa Open 2024 (5.136)}) ({RR} 8... O-O 9. Nf1 d5 10. Qe2 dxe4 11. dxe4 Bg6 12. Ng3 Qc8 13. O-O Nh5 14. Nxh5 Bxh5 15. Bd5 Bd6 16. Bg5 Nd8 17. Bxd8 Rxd8 18. g4 Bg6 19. Nh4 c6 20. Bb3 Qc7 21. Nf5 c5 22. h4 h6 23. h5 {½-½ Colin,V (2195)-Marx,N Avoine op 11th 1996}) ({RR} 8... h6 9. Nf1 d5 10. Qe2 d4 11. Ng3 Bg6 12. O-O Nh7 13. Nf5 Bxf5 14. exf5 O-O 15. Rd1 Bf6 16. Nd2 Qd7 17. g4 Ng5 18. Kh2 Na5 19. Ne4 Nxe4 20. dxe4 Nxb3 21. axb3 c5 22. b4 b6 23. b5 {½-½ Grebenschikova,N (2091)-Kuular,V RUS-ch U26 Ufa 2004 (6)}) 9. Nc4 O-O 10. O-O b5 11. Ne3 Na5 12. Bc2 c6 13. Re1 Re8 14. Nh4 Bh5 15. g4 Bg6 16. Qf3 Kh8 17. Nhf5 Bf8 18. b4 Nb7 19. Bb2 a5 20. a3 Qd7 21. Bb3 Nd8 22. h4 Ne6 23. Ng3 h6 24. Nef5 Nf4 25. Bc1 axb4 26. cxb4 Ne6 27. Be3 d5 28. g5 dxe4 29. dxe4 Ng8 30. Red1 Qc7 31. gxh6 gxh6 32. h5 Bh7 33. Qg4 Nf6 34. Qh4 Ng8 35. Bxh6 Bxh6 36. Nxh6 Nxh6 37. Qf6+ Ng7 38. Qxh6 Rad8 39. Qf6 Qe7 40. Qxe7 Rxd1+ 41. Rxd1 Rxe7 42. Rd6 Ne6 43. Rxc6 Nd4 44. Rc8+ Kg7 45. Bd5 Ra7 46. Rc3 Kh6 47. Kg2 Kg5 48. Kf1 f5 49. exf5 Bxf5 50. Nxf5 Kxf5 51. Bf3 Kf4 52. Be2 Ra6 53. Rh3 Rh6 54. Rh4+ Kf5 55. Bd3+ Kg5 56. Re4 Kf6 57. f4 Nf5 58. Rxe5 Ng3+ 59. Kf2 Nxh5 60. Rxb5 Ke7 61. Kf3 Nf6 62. Bf5 Rh1 63. a4 Nh5 64. Bd3 Rd1 65. Rxh5 1-0

[Event "45th Olympiad 2024"]
[Site "Budapest HUN"]
[Date "2024.09.20"]
[Round "9.70"]
[Board "3"]
[White "Volcimus, Ritchy David"]
[Black "Hussain, Nimal"]
[Result "1-0"]
[WhiteElo "1948"]
[BlackElo "1805"]
[PlyCount "65"]
[EventDate "2024.09.11"]
[WhiteTeam "Haiti"]
[BlackTeam "Maldives"]
[WhiteTeamCountry "HAI"]
[BlackTeamCountry "MDV"]

1. e4 e5 2. Nf3 Nf6 3. Nc3 Bb4 4. d3 Nc6 5. a3 Bc5 6. Bg5 ({RR} 6. Nh4 Ng4 7. f3 Ne3 8. Bxe3 Bxe3 9. Nd5 Qxh4+ 10. g3 Qd8 11. Ke2 Bc5 12. f4 exf4 13. gxf4 O-O 14. Bh3 Qh4 15. Qg1 Bxg1 16. Rhxg1 Qh5+ 17. Kf2 Qxh3 18. Rh1 Qh4+ 19. Kg2 d6 20. Nxc7 Qh3+ {0-1 Haddaji,N-Kraiem,A TUN-ch U12 Monastir 2021 (5)}) 6... h6 7. Bh4 Be7 8. Be2 d6 $146 ({RR} 8... O-O 9. O-O d6 10. h3 Re8 11. d4 exd4 12. Bb5 dxc3 13. bxc3 a6 14. Ba4 Bd7 15. Rb1 Na5 16. Nd4 Bxa4 17. Nf5 Qd7 18. c4 b6 19. c5 Bb5 20. Qf3 Bxf1 21. e5 dxe5 22. cxb6 cxb6 23. Rxb6 {0-1 Borges Afonso,C-Villafan Maldonado,E Tenerife-chT Tercera-B 1920 2019 (6.4)}) 9. h3 Be6 10. d4 exd4 11. Nxd4 Nxd4 12. Qxd4 O-O 13. f4 Nh7 14. Bxe7 Qxe7 15. O-O-O f6 16. g4 Rfe8 17. h4 g5 18. hxg5 hxg5 19. f5 Bf7 20. Rh6 Kg7 21. Rdh1 Rh8 22. Qf2 Qe5 23. Qg2 Rae8 24. Qh3 Bg8 25. Bd3 c6 26. Ne2 d5 27. Ng3 Rf8 28. exd5 cxd5 29. Kd1 Qxb2 30. Qh5 Rf7 31. Rg6+ Kf8 32. Re1 Qxa3 33. Qh6+ 1-0

[Event "45th Olympiad 2024"]
[Site "Budapest HUN"]
[Date "2024.09.20"]
[Round "9.70"]
[Board "4"]
[White "Abdul Rahman, Ali"]
[Black "Guillaume, Jude Mirvens"]
[Result "1/2-1/2"]
[WhiteElo "1844"]
[BlackElo "1956"]
[PlyCount "137"]
[EventDate "2024.09.11"]
[WhiteTeam "Maldives"]
[BlackTeam "Haiti"]
[WhiteTeamCountry "MDV"]
[BlackTeamCountry "HAI"]

1. d4 f5 2. e3 Nf6 3. Bd3 e6 4. Nd2 Be7 5. f4 d5 6. Ngf3 O-O 7. O-O Ne4 8. c3 c6 9. Ne5 Nd7 10. a4 $146 ({RR} 10. g4 Nxe5 11. fxe5 Bg5 12. Qf3 fxg4 13. Qxf8+ Qxf8 14. Rxf8+ Kxf8 15. Nxe4 dxe4 16. Bxe4 h5 17. Bd2 Bd7 18. Rf1+ Kg8 19. Bg6 h4 20. Rf7 Be8 21. Rxb7 Bxg6 22. Rc7 Be4 23. Re7 Bd5 24. Kf2 Rf8+ {0-1 Niyola Pinto (1454)-Mariano,C (1962) Swiss Queens Wed #26 2024 (8.62)}) 10... Nxe5 11. fxe5 Bd7 12. Nf3 Be8 13. Qe1 Bh5 14. b3 g5 15. Bb2 Qe8 16. a5 Qg6 17. Nd2 Kh8 18. Be2 Bxe2 19. Qxe2 g4 20. Nxe4 fxe4 21. Ba3 Bxa3 22. Rxa3 h5 23. Raa1 Qg5 24. Rxf8+ Rxf8 25. Rf1 Rf3 26. Re1 h4 27. Qd2 Rf5 28. Rf1 Kg7 29. Rxf5 Qxf5 30. Qf2 Qxf2+ 31. Kxf2 Kf7 32. g3 h3 33. Ke2 Ke7 34. Kd2 Kd7 35. Kc2 b6 36. axb6 axb6 37. Kb2 c5 38. Ka3 Kc6 39. Kb2 Kb5 40. Ka3 Kc6 41. Kb2 b5 42. dxc5 Kxc5 43. b4+ Kc6 44. Kc2 Kd7 45. Kd2 Ke7 46. Ke2 Kf7 47. Kd2 Kg6 48. Kd1 Kf5 49. Kd2 Kxe5 50. Kd1 Kd6 51. Kd2 e5 52. Ke2 d4 53. exd4 exd4 54. cxd4 Ke6 55. Kd2 Kd5 56. Ke3 Kc4 57. Kxe4 Kxb4 58. Kd3 Ka3 59. Kc2 Kb4 60. Kd3 Ka5 61. d5 Kb6 62. Kd4 b4 63. Kc4 b3 64. Kxb3 Kc5 65. d6 Kxd6 66. Kc4 Ke5 67. Kd3 Kd5 68. Ke3 Ke5 69. Kd3 1/2-1/2

[Event "45th Olympiad 2024"]
[Site "Budapest HUN"]
[Date "2024.09.20"]
[Round "9.71"]
[Board "1"]
[White "Bodin-Hullin, Thomas"]
[Black "Njoroge, Martin"]
[Result "0-1"]
[WhiteElo "1855"]
[BlackElo "1972"]
[PlyCount "78"]
[EventDate "2024.09.11"]
[WhiteTeam "Senegal"]
[BlackTeam "Kenya"]
[WhiteTeamCountry "SEN"]
[BlackTeamCountry "KEN"]

1. e4 c6 2. Nc3 d5 3. Nf3 e6 4. d3 d4 5. Ne2 c5 6. g3 Nc6 7. Bg2 Nf6 $146 ({RR} 7... e5 8. O-O f6 9. Nh4 Be6 10. f4 Qd7 11. f5 Bf7 12. g4 g5 13. Nf3 h5 14. h3 hxg4 15. hxg4 Nh6 16. Nh2 c4 17. Bf3 Rc8 18. a3 Na5 19. dxc4 Nxc4 20. b3 Nb6 21. Bb2 a5 22. a4 {0-1 Pcola,J (2057)-Briestensky,R (2318) SVK-chT 1516 2015 (2.3)}) 8. O-O Be7 9. h3 O-O 10. Nh2 e5 11. f4 b5 12. f5 Bb7 13. g4 Nd7 14. Nf3 c4 15. g5 cxd3 16. cxd3 Rc8 17. Ng3 Bd6 18. Ne1 Qb6 19. f6 g6 20. h4 Nc5 21. h5 Rc7 22. Nf5 gxf5 23. exf5 e4 24. Qg4 Ne5 25. Qh4 Ncxd3 26. Nxd3 exd3 27. g6 Bxg2 28. Qg5 fxg6 29. Qxg2 g5 30. Bxg5 Kh8 31. h6 Rg8 32. f7 Rxf7 33. Rac1 Qb7 34. Qg3 Nc4 35. Qh4 Qd5 36. Rce1 Rxf5 37. Rxf5 Qxf5 38. Re8 Rxe8 39. Bf6+ Kg8 0-1

[Event "45th Olympiad 2024"]
[Site "Budapest HUN"]
[Date "2024.09.20"]
[Round "9.71"]
[Board "2"]
[White "Kanegeni, Matthew Kamau"]
[Black "Lesbros, Bernard"]
[Result "0-1"]
[WhiteElo "1976"]
[BlackElo "1938"]
[PlyCount "36"]
[EventDate "2024.09.11"]
[WhiteTeam "Kenya"]
[BlackTeam "Senegal"]
[WhiteTeamCountry "KEN"]
[BlackTeamCountry "SEN"]

1. d4 Nf6 2. c4 g6 3. Nc3 d5 4. Nf3 Bg7 5. Bf4 O-O 6. e3 c5 7. Rc1 cxd4 8. exd4 Nc6 9. h3 ({RR} 9. c5 Bg4 10. Be2 Ne4 11. Be3 e5 12. dxe5 Nxc3 13. bxc3 Nxe5 14. Nxe5 Bxe2 15. Nxf7 Bxd1 16. Nxd8 Raxd8 17. Kxd1 Bxc3 18. Rxc3 d4 19. Bxd4 Rxd4+ 20. Ke2 Ra4 21. a3 Re8+ 22. Kd2 Rd8+ 23. Kc2 Re4 {½-½ Akobian,V (2571)-Novik,M (2399) Titled Tue 9th Jan Early 2024 (3)}) ({RR} 9. Be2 a6 10. O-O dxc4 11. Bxc4 Bg4 12. Be3 Rc8 13. Be2 Nd5 14. h3 Bxf3 15. Bxf3 Nxe3 16. fxe3 Bh6 17. Re1 e6 18. a3 Qh4 19. Ne4 Rfd8 20. Rc3 Bg7 21. Rd3 Ne7 22. Nc5 Nf5 23. Nxb7 Rd7 {½-½ Misailovic,N (2373)-Schut,H (2091) Titled Tue 2nd Apr Early 2024 (4)}) 9... dxc4 10. d5 $146 ({RR} 10. Bxc4 Na5 11. Be2 Be6 12. O-O Nc6 13. Qd2 Qa5 14. Rfd1 Rfd8 15. Bh6 Bh8 16. Be3 Nd5 17. Nxd5 Bxd5 18. Qxa5 Nxa5 19. b4 Nc6 20. a3 e6 21. Kf1 Bf6 22. Bg5 Bxg5 23. Nxg5 Rd7 24. Nf3 f6 {½-½ Prins,L (2265)-Lith,R NED Open-ch10 Reinbouw 1979 (4)}) ({RR} 10. Bxc4 Qb6 11. Nb5 Nd5 12. Bxd5 Qxb5 13. Bxc6 bxc6 14. Qe2 Qa5+ 15. Qd2 Qxa2 16. O-O Be6 17. Rxc6 Rfd8 18. Rc3 Qa4 19. Ra3 Qd7 20. Rfa1 Bd5 21. Ne5 Qb7 22. f3 Be6 23. Qf2 Rd5 24. Be3 Bxe5 {½-½ Medici,S (2240)-Cocconcelli,L (2092) Lugano op 2017 (1)}) 10... Na5 11. Ne5 b5 12. Nxb5 Nxd5 13. Bg3 Bh6 14. Ra1 Ba6 15. Na3 Qb6 16. Nc2 Rfd8 17. Qb1 Nb4 18. Be2 Rd2 0-1